00666cam a2200229 a 450000100090000000300040000900500170001300800410003001000170007102000300008804000180011804200080013605000240014408200190016824500650018725000130025226000500026530000250031550400510034065000240039170000210041517473804OSt20221109110622.0120925s2014 maua b 001 0 eng  a 2012039164 a9781429298643 (casebound) aDLCcDLCdDLC apcc00aQH308.2b.L565 201400a570223bSAD/L00aLife :bthe science of biology /cDavid Sadava ... [et al.]. a10th ed. aSunderland, MA :bSinauer Associates,cc2014. a1263bill. ;c29 cm. aIncludes bibliographical references and index. 0aBiologyvTextbooks.1 aSadava, David E.